000 00599nam a2200193Ia 4500
005 20250508151350.0
008 008 250505s9999 xx 000 0 eng d
037 _aTextual
040 _aFEDL
_beng
_cFEDL
041 _aeng
_2eng
084 _a370.1, RUS
_qFEDL
100 _aRussell William F.
_9758960
245 0 _aHow to judge a school : Handbook for puzzled parents and tired taxpayers
260 _aNew York, USA
_bHarper and Brothers Publishers
_c1954
300 _aix,143p
650 _aEducation - Philosophy
942 _cTEXL
_h370.1, RUS
999 _c1329299
_d1329299